000 00435pab a2200193 454500
008 180718b2012 xxu||||| |||| 00| 0 eng d
100 _aQuraishi, Humra
245 _aSoni Soris case the police torture in prison
260 _c2012
300 _ap.3-6.
362 _a21 Apr
650 _aSoris, Soni
650 _aPrisoners
650 _aPolice
650 _aTorture
773 _aMainstream
908 _aN
909 _a96431
999 _c96431
_d96431